Bienestar para todos

Bewaard in:
Bibliografische gegevens
Hoofdauteur: Erhart, Ludwig (Auteur)
Formaat: Boek
Taal:Spaans
Gepubliceerd in: Barcelona Omega 1959
Editie:3a. ed
Onderwerpen:
Tags: Voeg label toe
Geen labels, Wees de eerste die dit record labelt!

MARC

LEADER 00000nam a2200000 a 4500
001 UCQ0910
003 CL-VaPUC
008 980703e19590000SP |||||||||||||||||spa|d
082 0 4 |a 330.122  |b ERH  |2 21 
100 0 |a Erhart, Ludwig  |e author  |9 414343 
245 1 0 |a Bienestar para todos 
250 |a 3a. ed 
300 |a 307 p 
942 |c BK 
945 |d 19980703 00:00:00  |a crobeson 
260 |a Barcelona  |b Omega  |c 1959 
650 0 |a Economía de libre mercado  |9 341238 
650 7 |a SISTEMAS ECONOMICOS  |2 CL-VaPUC  |9 414344 
650 0 |a Bienestar social   |9 255298 
650 0 |a Condiciones económicas  |9 258255 
583 |a last modification  |c 19980703 00:00:00  |k Rodrigo Vera 
999 |c 271937  |d 271935 
952 |0 0  |1 0  |4 0  |6 330_122000000000000_ERH_1959  |7 0  |8 A  |9 306737  |a BIBGIM  |b BIBGIM  |d 2019-11-20  |i 1429604  |o 330.122 ERH 1959  |p 1429604  |r 2025-01-15  |w 2019-11-20  |y BK  |k COM